000 00828nam a2200193 a 4500
001 15189
003 CO-ViMGA
008 141112s2004 ck r 000 u spa d
020 _a9701025253
040 _aCO-ViMGA
_bspa
_cCO-ViMGA
082 _a511.8 D419m
100 1 _aDiaz Mata, Alfredo; Aguilera Gomez, Victor M.
_96429
245 1 0 _aMatemáticas financieras
260 _aMexico,
_cMcGraw Hill,
_c1999
300 _a467.p.
505 _aFundamentos Interes simple Interes compuesto Anualidades simples, ciertas, vencidas e inmediatas Anualidades anticipadas Anualidades diferidas El caso general de anualidades Amortización y fondos de amortización Inversión en bolsa de valores Depreciación Probabilidades y tablas de mortalidad Anualidades contingentes
650 1 4 _aMATEMATICAS FINANCIERAS
_96430
942 _2ddc
_cBK
999 _c11516
_d11516